00806nam a2200205Ia 4500001001900000003000900019008004100028040002300069041001300092100002000105245004200125250001500167260002700182300002500209490003100234501012400265520016900389650002500558700001700583229-APO an (13471)IT-MiSPE171229s9999||||xx |||||||||||||| ||und|| aIT-MiSPEcIT-MiSPE aITALIANO aMario Enrietti  0aApocrifi dell'Antico TestamentobIII. a1a ed. (v) aBresciabPaideiac1999 a570 p. [5 v.]c24 cm a Biblica: Studi e testiv7 aEdizioni San Paolo srl - Piazza Soncino, 5 - 20092 CINISELLO BALSAMO (MI) (non commercial uses only) ® Copyright 2018 aAA.VV., Paolo Sacchi (dir.). La serie o collana è così costituita: - voll. I-II, UTET - voll. III-IV-V, Paideia. Il vol. IV (ultimo uscito) contiene gli Indici. aBIBBIA. AT, apocrifi aPaolo Sacchi